عرض عادي عرض مارك
  • Langer, Arthur M.

مدخل إسم شخص

عدد التسجيلات المستخدمة في: 1

001 - رقم الضبط

  • حقل الضبط: 17745

003 - معرف رقم الضبط

  • حقل الضبط: OSt

005 - تاريخ ووقت أخر عملية

  • حقل الضبط: 20121129223900.0

008 - عناصر بيانات ثابتة الطول

  • حقل تحكم ثابت الطول: 121129|||a|||||| | ||| d

040 ## - مصدر الفهرسة

  • هيئة الفهرسة الأصلية: OSt
  • وكالة الكتابة: OSt

100 ## - مدخل -- أسم شخص

  • إسم شخص: Langer, Arthur M.
  • عنوان العمل: IT and organizational learning.

670 ## - بيانات المصدر موجوده

  • الاستشهاد بالمصدر: Work cat.: (OSt)0: Langer, Arthur M. 17743, Information technology and organizational learning :, c2011.